| 000 | 00467nam a2200229Ia 4500 | ||
|---|---|---|---|
| 003 | IT-RoPAU | ||
| 008 | 120407s9999 xx 000 0 und d | ||
| 040 | _aIT-RoPAU | ||
| 040 | _cIT-RoPAU | ||
| 041 | _aita | ||
| 100 | _aStefano di S. Maria | ||
| 100 | _cocd. | ||
| 245 | _aConversazione con Dio | ||
| 250 | _aAlba | ||
| 260 | _aEdizioni Paoline | ||
| 260 | _c1961 | ||
| 300 | _c cm | ||
| 490 | _aAlere III | ||
| 490 | _v1 | ||
| 942 | _cBK | ||
| 999 |
_c140 _d140 |
||